000
00316nam a2200133Ia 4500
008
150201s2009 xx 000 0 und d
082
_a
616.01
_b
M09P
100
_a
PANDA,UN
245
_a
HB OF MICROBIOLOGY & PARASITOLOGY
250
_a
1ST
260
_b
AITBS
_a
DELHI
_c
2009
650
_a
MICROBIOLOGY
942
_2
ddc
_c
BK
999
_c
733
_d
733